Cyclisme-Coureurs victorieux en World Tour en 2025 - Statistiques

Statistiques générales
  • Ce quiz a été pris 193 fois
  • Le résultat moyen est 45 sur 79
Statistiques - réponses
Nb de Victoires Équipe Nationalité Âge au 31/12/2025 Coureur Équipe en 2026 % Correct
17 UAE Team Emirates - XRG Slovénie 27 ans Tadej POGACAR UAE Team Emirates - XRG
100%
10 UAE Team Emirates - XRG Portugal 27 ans João ALMEIDA UAE Team Emirates - XRG
96%
5 Alpecin - Deceuninck Pays-Bas 30 ans Mathieu VAN DER POEL Alpecin - Premier Tech
95%
4 Team Visma | Lease a Bike Danemark 29 ans Jonas VINGEGAARD Team Visma | Lease a Bike
93%
4 Alpecin - Deceuninck Belgique 27 ans Jasper PHILIPSEN Alpecin - Premier Tech
92%
6 UAE Team Emirates - XRG Espagne 23 ans Juan AYUSO Lidl - Trek
92%
3 Soudal Quick-Step Belgique 25 ans Remco EVENEPOEL Red Bull - BORA - Hansgrohe
92%
7 Lidl - Trek Danemark 30 ans Mads PEDERSEN Lidl - Trek
91%
6 Soudal Quick-Step France 21 ans Paul MAGNIER Soudal Quick-Step
91%
8 Soudal Quick-Step Belgique 33 ans Tim MERLIER Soudal Quick-Step
89%
3 Red Bull - BORA - Hansgrohe Slovénie 36 ans Primoz ROGLIC Red Bull - BORA - Hansgrohe
88%
3 Bahrain - Victorious France 22 ans Lenny MARTINEZ Bahrain - Victorious
87%
3 Lotto Belgique 23 ans Arnaud DE LIE Lotto-Intermarché
86%
7 Lidl - Trek Italie 25 ans Jonathan MILAN Lidl - Trek
85%
2 Team Visma | Lease a Bike Belgique 31 ans Wout VAN AERT Team Visma | Lease a Bike
85%
2 EF Education - EasyPost Irlande 25 ans Ben HEALY EF Education - EasyPost
84%
1 Tudor Pro Cycling Team France 33 ans Julian ALAPHILIPPE Tudor Pro Cycling Team
83%
1 UAE Team Emirates - XRG Mexique 22 ans Isaac DEL TORO UAE Team Emirates - XRG
81%
2 INEOS Grenadiers italie 29 ans Filippo GANNA INEOS Grenadiers
78%
3 UAE Team Emirates - XRG États-Unis 27 ans Brandon MCNULTY UAE Team Emirates - XRG
76%
3 UAE Team Emirates - XRG Australie 30 ans Jay VINE UAE Team Emirates - XRG
76%
5 Team Visma | Lease a Bike Pays-Bas 24 ans Olav KOOIJ Decathlon CMA CGM
76%
2 Team Visma | Lease a Bike Royaume-Uni 33 ans Simon YATES Team Visma | Lease a Bike
75%
2 UAE Team Emirates - XRG Équateur 28 ans Jhonatan NARVAEZ UAE Team Emirates - XRG
74%
3 Team Visma | Lease a Bike Royaume-Uni 20 ans Matthew BRENNAN Team Visma | Lease a Bike
74%
1 INEOS Grenadiers Colombie 28 ans Egan BERNAL INEOS Grenadiers
72%
2 INEOS Grenadiers Pays-Bas 26 ans Thymen ARENSMAN INEOS Grenadiers
71%
1 Lidl - Trek Italie 31 ans Giulio CICCONE Lidl - Trek
70%
1 EF Education - EasyPost Équateur 32 ans Richard CARAPAZ EF Education - EasyPost
69%
2 Lidl - Trek États-Unis 24 ans Quinn SIMMONS Lidl - Trek
68%
1 Soudal Quick-Step France 24 ans Valentin PARET-PEINTRE Soudal Quick-Step
67%
1 Groupama - FDJ France 22 ans Romain GRÉGOIRE Groupama - FDJ United
66%
1 Uno-X Mobility Norvège 30 ans Jonas ABRAHAMSEN Uno-X Mobility
65%
1 UAE Team Emirates - XRG Belgique 34 ans Tim WELLENS UAE Team Emirates - XRG
65%
2 Alpecin - Deceuninck Australie 27 ans Kaden GROVES Alpecin - Premier Tech
64%
1 Team Picnic PostNL Royaume-Uni 23 ans Oscar ONLEY Team Picnic PostNL
62%
1 Groupama - FDJ France 29 ans David GAUDU Groupama - FDJ United
61%
1 Team Visma | Lease a Bike États-Unis 26 ans Matteo JORGENSON Team Visma | Lease a Bike
58%
2 Red Bull - BORA - Hansgrohe Belgique 27 ans Jordi MEEUS Red Bull - BORA - Hansgrohe
54%
1 Team Jayco AlUla Australie 30 ans Ben O'CONNOR Team Jayco AlUla
52%
2 INEOS Grenadiers Royaume-Uni 21 ans Joshua TARLING INEOS Grenadiers
52%
1 Cofidis France 33 ans Bryan COQUARD Cofidis
51%
1 XDS Astana Team Italie 28 ans Christian SCARONI XDS Astana Team
50%
1 Lidl - Trek Danemark 25 ans Mattias SKJELMOSE Lidl - Trek
50%
1 Team Jayco AlUla Suisse 26 ans Mauro SCHMID Team Jayco AlUla
48%
1 Team Jayco AlUla Australie 35 ans Michael MATTHEWS Team Jayco AlUla
47%
1 EF Education - EasyPost États-Unis 29 ans Neilson POWLESS EF Education - EasyPost
46%
1 INEOS Grenadiers Monaco 30 ans Victor LANGELLOTTI INEOS Grenadiers
46%
1 Red Bull - BORA - Hansgrohe Italie 22 ans Giulio PELLIZZARI Red Bull - BORA - Hansgrohe
45%
1 UAE Team Emirates - XRG Espagne 32 ans Marc SOLER UAE Team Emirates - XRG
45%
1 Cofidis Espagne 30 ans Alex ARANBURU Cofidis
44%
1 Tudor Pro Cycling Team Australie 28 ans Michael STORER Tudor Pro Cycling Team
43%
1 Decathlon AG2R La Mondiale Team France 25 ans Paul LAPEIRA Decathlon CMA CGM
43%
1 UAE Team Emirates - XRG Colombie 31 ans Juan Sebastian MOLANO UAE Team Emirates - XRG
42%
1 EF Education - EasyPost Danemark 30 ans Kasper ASGREEN EF Education - EasyPost
41%
1 Decathlon AG2R La Mondiale Team France 28 ans Nicolas PRODHOMME Decathlon CMA CGM
41%
1 Team Jayco AlUla Australie 25 ans Luke PLAPP Team Jayco AlUla
40%
1 Movistar Team Espagne 22 ans Ivan ROMEO Movistar Team
39%
1 Decathlon AG2R La Mondiale Team Italie 31 ans Andrea VENDRAME Team Jayco AlUla
37%
1 Lidl - Trek Espagne 33 ans Carlos VERONA Lidl - Trek
37%
1 Lidl - Trek Pays-Bas 26 ans Daan HOOLE Decathlon CMA CGM
37%
2 Team Jayco AlUla Royaume-Uni 29 ans Paul DOUBLE Team Jayco AlUla
37%
3 Red Bull - BORA - Hansgrohe Australie 29 ans Sam WELSFORD INEOS Grenadiers
37%
1 Uno-X Mobility Norvège 25 ans Søren WÆRENSKJOLD Uno-X Mobility
37%
1 XDS Astana Team Italie 29 ans Lorenzo FORTUNATO XDS Astana Team
33%
1 INEOS Grenadiers États-Unis 23 ans Magnus SHEFFIELD INEOS Grenadiers
33%
1 Movistar Team Espagne 26 ans Javier ROMO Movistar Team
31%
1 Soudal Quick-Step Allemagne 31 ans Maximilian SCHACHMANN Soudal Quick-Step
31%
1 INEOS Grenadiers Royaume-Uni 26 ans Ben TURNER INEOS Grenadiers
29%
1 INEOS Grenadiers Australie 31 ans Caleb EWAN Retraite
29%
1 INEOS Grenadiers Royaume-Uni 24 ans Samuel WATSON INEOS Grenadiers
28%
1 Israel - Premier Tech Royaume-Uni 25 ans Ethan VERNON NSN Cycling Team
26%
1 Q36.5 Pro Cycling Team Irlande 30 ans Rory TOWNSEND Unibet Rose Rockets
26%
1 Israel - Premier Tech Royaume-Uni 26 ans Jake STEWART NSN Cycling Team
25%
1 EF Education - EasyPost Italie 29 ans Vincenzo ALBANESE EF Education - EasyPost
24%
1 Team Jayco AlUla Australie 31 ans Chris HARPER Pinarello - Q36.5 Pro Cycling Team
23%
1 Red Bull - BORA - Hansgrohe Allemagne 31 ans Nico DENZ Red Bull - BORA - Hansgrohe
23%
1 Team Picnic PostNL Pays-Bas 24 ans Casper VAN UDEN Team Picnic PostNL
20%
1 Uno-X Mobility Norvège 28 ans Fredrik DVERSNES Uno-X Mobility
9%
Aucun quiz correspondant
Distribution des résultats
% des personnes avec chaque résultat
Percentile par nombre de réponses
Votre historique - résultats
Vous n’avez pas pris ce quiz